| 000 | 00000nam##2200000za#4500 |
| 001 | 9.694389 |
| 003 | CaOODSP |
| 005 | 20210624234108 |
| 007 | cr ||||||||||| |
| 008 | 150407|2002||||xxc|||||o f|0| 0 eng|d |
| 040 | |aCaOODSP|beng |
| 043 | |an-cn--- |
| 086 | 1 |aH39-611/2002-2E-PDF |
| 110 | 1 |aCanada. |bHealth Canada. |
| 245 | 10|aCanada's physical activity guide for children |h[electronic resource] |
| 260 | |aOttawa - Ontario : |bHealth Canada |c2002. |
| 300 | |a2p.|bcoloured illus., table |
| 500 | |aThe catalogue number (H39-611/2002-2E) and ISBN (0-662-31932-X) for the bilingual print edition have been incorrectly copied in this electronic publication. |
| 590 | |a12-28-Supp|b2012-06-15 |
| 690 | 07|aFitness|2gcpds |
| 690 | 07|aChildren|2gcpds |
| 775 | 08|tGuide d'activité physique canadien pour les enfants |w(CaOODSP)9.638567 |
| 776 | 0#|tCanada's physical activity guide for children |w(CaOODSP)9.648519 |
| 856 | 40|ahttp://publications.gc.ca|qPDF|s369 KB|uhttps://publications.gc.ca/collections/Collection/H39-611-2002-2E.pdf |